000 00882cam a2200241 4500
001 WB3614-07
008 000000n2000 000 0 eng u
035 _a(Sirsi) u105251
245 _aWho bought Scotland?
260 _c2000
490 _aScotsman
_vSupplement 3 April 2000;4 April 2000; 5 April 2000 and 6 April 2000 (LOAN)
520 _a1 - 4 in an 8 part series reviewing recent Scottish property deals based on data held by the Registers of Scotland. Part 1 Glasgow; Part 2 Lanark; Dumfries; Kirkcudbright and Wigton;Part 3 Ayrshire, Renfrew, Dumbarton and Argyll and Part 4 Aberdeen, Inverness and the North.
590 _aWB
650 _aSCOTLAND
650 _aPROPERTY TRANSACTIONS
650 _aDEALS
650 _aGLASGOW
650 _aDUMFRIES
650 _aABERDEEN
650 _aINVERNESS
690 _aPROPERTY-COMMERCIAL PROPERTY
942 _n0
999 _c100341
_d100341